| 000 | 00855nam a22002417a 4500 | ||
|---|---|---|---|
| 999 |
_c17141 _d17141 |
||
| 003 | AR-CdUCM | ||
| 008 | 190305b ||||| |||| 00| 0 spa d | ||
| 040 |
_aMUNICIPALIDAD PROVINCIAL DEL CUSCO _cBIBLIOTECA MUNICIPAL DEL CUSCO |
||
| 041 | _heng | ||
| 082 |
_a335.4 / _bD71 _25ed. |
||
| 100 |
_aDjilas, Milovan _99943 |
||
| 245 |
_aLa nueva clase : _bAnálisis del sistema comunista / |
||
| 260 |
_aBuenos Aires : _bSudamericana, _c1961.. |
||
| 300 |
_a203 paginas ; _c18 cm. |
||
| 440 |
_aColección Piragua _913120 |
||
| 500 | _aTitulo original : The new class | ||
| 505 | _aContenido :Los orígenes --El carácter de la revolución --La nueva clase --El estado partidista --El dogmatismo económico ... | ||
| 650 |
_aComunismo _9495 |
||
| 650 |
_aEducación _9460 |
||
| 650 |
_aLibertad _92892 |
||
| 942 |
_2ddc _cLIBROS |
||
| 945 |
_awnts _d2019-05-7 |
||